000 01242cam a2200361 a 4500
001 2102
003 FISKH
005 20231110090921.0
008 030414s2004 nyu j 000 1 eng
010 _a 2003007384
020 _a0689845154
020 _a9780439906784
040 _aDLC
_cDLC
_dDLC
_beng
042 _alcac
050 0 0 _aPZ7.C59118
_bRe 2004
082 0 0 _a621.31244
_221
100 1 _aClements, Andrew,
_d1949-2019,
245 1 4 _aThe report card /
_cAndrew Clements.
250 _aFirst Scholastic printing, September 2016
260 _aNew York :
_bScholastic,
_c2004.
300 _a173 pages ;
_c20 cm
505 _aR
520 _aFifth-grader Nora Rowley has always hidden the fact that she is a genius from everyone because all she wants is to be normal, but when she comes up with a plan to prove that grades are not important, things begin to get out of control.
521 1 _a700
_bLexile
521 1 _aR
_bRaz-Plus
650 1 _aGrading and marking (Students)
_vFiction.
650 1 _aAchievement tests
_vFiction.
650 1 _aSchools
_vFiction.
650 1 _aGenius
_vFiction.
650 1 _aFriendship
_vFiction.
906 _a7
_bcbc
_corignew
_d1
_eecip
_f20
_gy-gencatlg
942 _2ddc
_cBK
_n0
999 _c2102
_d2102